000
00193nam a22000857a 4500
008
170124b xxu||||| |||| 00| 0 eng d
100
_9
2548
_a
Chawla.A
245
_a
Air
260
_a
New delhi
_b
DP
_c
2010
999
_c
5645
_d
5645